| 000 | 00958nam a2200337Ia 4500 | ||
|---|---|---|---|
| 003 | OSt | ||
| 005 | 20220912151756.0 | ||
| 006 | a|||||r|||| 00| 0 | ||
| 007 | ta | ||
| 008 | 220909b |||||||| |||| 00| 0 eng d | ||
| 020 | _a1862390207 (hbd) | ||
| 024 | _a6029 | ||
| 037 | _bSelectbook, | ||
| 037 | _cTextual | ||
| 040 |
_aCSL _beng _cCSL |
||
| 041 | _aeng | ||
| 082 | _aH411:(C), N8 | ||
| 100 | _aGilbert J S Ed. | ||
| 245 | 0 | _aPhysics of explosive volcanic eruptions | |
| 260 |
_aLondon _bThe Geological Society _c1998 |
||
| 300 |
_a186p. _ccm. |
||
| 490 | _aGeological Society special publication; 145 | ||
| 500 | _aIncludes bibliographical references; Index 183-186p | ||
| 650 | _a Geomorphology | ||
| 650 | _a Physics | ||
| 650 | _a Volcano | ||
| 650 | _aGeology | ||
| 700 | _a Sparks R S J Ed. | ||
| 942 |
_hH411:(C), N8 _cTEXL _2CC |
||
| 999 |
_c75086 _d75086 |
||